000
00308nam a22001337a 4500
008
180910b xxu||||| |||| 00| 0 eng d
020
_a
9781439240786
041
_a
eng
080
_a
658
100
_a
54
101
_a
LID
245
_a
CIO Leadership for Cities and Counties
_c
Shark, A.R
942
_2
udc
_c
BK
999
_c
47638
_d
47638